000 00741nam a2200289Ia 4500
005 20260324130615.0
008 008 260324s9999 xx 000 0 eng d
020 _a9780429240928
037 _aEBOOK
040 _aCRL
040 _beng
040 _cCRL
041 _2eng
041 _aeng
084 _qCRL
100 _aRoberto Tamborini; Francesco Farina
_91182415
245 0 _aMacroeconomic Policy in the European Monetary Union
245 0 _bFrom the Old to the New Stability and Growth Pact
260 _bTaylor and Francis
260 _c2007
365 _a
365 _b265
856 _uhttp://www.taylorfrancis.com/books/9780429240928
942 _cEBOOK
999 _c1778730
_d1778730